| 000 | 00385nam a2200133Ia 4500 | ||
|---|---|---|---|
| 008 | 211119s9999||||xx |||||||||||||| ||und|| | ||
| 082 |
_a910 _bLEE-S |
||
| 100 | _aLeelakrishnan, Alamkode | ||
| 245 | 0 | _aSangeethayathrakal | |
| 260 |
_bMathrubhumi Books _aKottayam _c2014 |
||
| 300 | _a119p | ||
| 650 |
_a History & geography _vGeography & traveMalayalam _xGeneral Stack |
||
| 942 | _cBOOK | ||
| 999 |
_c119857 _d119857 |
||